Statistiques concernant Pays qui ont au moins une base de recherche permanente en Antarctique

Cliquez ici pour prendre le quiz!

Statistiques générales

  • Ce quiz a été pris 91 fois
  • Le résultat moyen est 22 sur 27

Statistiques - réponses

HintRéponse% Correct
Concordia
D10 Skiway
D85 Skiway
Dumont d'Urville
France
100%
Amundsen-Scott
McMurdo
Odell Glacier
Palmer
Etats-Unis
99%
Grande Muraille
Zhongshan
Chine
97%
Gabriel de Castille
Juan Carlos Ier
Espagne
96%
Bellingshausen
Droujnaia
Mirny
Molodiojnaia
Novolazarevskaya
Progress 2
Vostok
Russie
96%
Almirante Brown
Belgrano II
Esperanza
Jubany
Marambio
Base Melchior
Orcadas
San Martin
Argentine
95%
Browning Pass
Concordia
Enigma Lake
Mario Zucchelli
Mid Point
Sitry
Italie
95%
Casey
Davis
Law-Racovita
Mawson
Australie
93%
Dome Fuji
S17 Skiway
Syowa
Japon
93%
Fossil Bluff
Rothera
Signy
Sky Blu
Royaume-Uni
93%
Commandante FerrazBrésil
91%
Kohnen
Neumayer
Allemagne
88%
Tor
Troll
Norvège
88%
WasaSuède
88%
Teniente Arturo Parodi Alister
Arturo Prat
Escudero
Frei/Villa Las Estrellas
O'Higgins
Chili
87%
ScottNouvelle-Zélande
87%
Bharati
Maitri
Inde
85%
King SejongCorée du Sud
84%
SANAE IVAfrique du Sud
83%
AboaFinlande
83%
Machu PicchuPérou
81%
ArctowskiPologne
77%
Maldonado
Refugio Ecuador
Equateur
73%
Princesse ElisabethBelgique
72%
Base ArtigasUruguay
59%
Law-RacovitaRoumanie
28%
Camp Académie
Ohridski
Bulgarie
27%

Distribution des résultats

Percentile par nombre de réponses

% des personnes avec chaque résultat

Votre développement - résultats

Vous n’avez pas pris ce quiz